[Event "Amsterdam Euwe Memorial"]
[Site "Amsterdam"]
[Date "1991.??.??"]
[Round "6"]
[White "Kasparov, Garry"]
[Black "Karpov, Anatoly"]
[Result "1/2-1/2"]
[WhiteElo "2800"]
[BlackElo "2725"]
[Annotator "Ftacnik,L"]
[PlyCount "122"]
[EventDate "1991.05.??"]
[EventType "tourn"]
[EventRounds "9"]
[EventCountry "NED"]
[EventCategory "16"]
[SourceTitle "CBM 023"]
[Source "ChessBase"]
[SourceDate "1991.08.01"]
[SourceVersion "1"]
[SourceVersionDate "1991.08.01"]
[SourceQuality "1"]

1. e4 {Salov Schussler Hansen,Cu} e5 2. Nf3 Nc6 3. Bb5 a6 4. Ba4 Nf6 5. O-O Be7
6. Re1 b5 7. Bb3 d6 8. c3 O-O 9. h3 Bb7 10. d4 Re8 11. Nbd2 Bf8 12. a4 h6 13.
Bc2 exd4 14. cxd4 Nb4 15. Bb1 c5 (15... g6 {Schussler} 16. Ra3 Bg7 17. Nh2 c5
18. d5 c4 19. Ndf1 Nd3 $6 20. Bxd3 b4 21. Ra1 cxd3 22. Ng3 Rc8 23. Qxd3 Bxd5
24. Bxh6 $1 $16 {Nunn,J-Razuvaev,Y, Dortmund-A 1991 (CBM 23, game 93)}) 16. d5
Nd7 17. Ra3 f5 18. Rae3 (18. e5 dxe5 $1 19. Bxf5 Bxd5 (19... Nxd5 $5 {Sznapik,A
}) 20. axb5 Nf6 (20... axb5 $5) 21. Nxe5 axb5 22. Bg6 $1 $14 {Sznapik,A-Ivanov,
A/Biel op/1990/}) (18. exf5 Nf6 19. Ne4 Bxd5 $5 {Kasparov,G-Karpov,A/New
York-Lyon m-4/1990/}) 18... Nf6 19. Nh2 Qd7 $5 {N} (19... Kh8 20. b3 bxa4 21.
bxa4 c4 22. Bb2 $40 {Kasparov,G-Karpov,A/New York-Lyon m-4/1990/}) (19... fxe4
20. Nxe4 Nfxd5 $5 21. Rf3 $1 Nf6 22. Rxf6 gxf6 23. Ng4 $146 {Kasparov,G}) 20.
exf5 Rxe3 (20... Nbxd5 21. Re6 $5) 21. fxe3 (21. Rxe3 Nbxd5 22. Rg3 Re8) 21...
Bxd5 22. Ng4 Be7 $1 23. e4 Bf7 24. Nf3 (24. e5 dxe5 (24... Nxg4 $2 25. e6 $1)
25. Nxe5 Qd4+ 26. Kh1 Rd8 $10) 24... Rd8 25. Qe2 (25. e5 dxe5 26. Qxd7 Nxd7 27.
Ngxe5 (27. axb5 {Hansen,Cu} axb5 28. Nfxe5 $10) 27... Nxe5 28. Nxe5 Bb3 $15)
25... Bc4 $1 (25... bxa4 $2 26. e5 $1) 26. Qe3 (26. Qf2 Bd3 $1) 26... Nxg4 27.
hxg4 Bf6 28. Bd2 (28. e5 dxe5 29. Qxc5 (29. Nxe5 Qd4 $1 (29... Qc7 $15 {
Hansen,Cu}) (29... Qc7 $1 {Salov})) 29... Nc6 $22 30. g5 hxg5 31. Bxg5 Bxg5 32.
Nxg5 Qd4+) (28. g5 $2 {Salov} hxg5 29. Nxg5 $4 Bd4 $19) 28... Re8 (28... Bxb2
29. g5 $40) 29. b3 (29. Bc3 $2 {Salov} Nd5 $1 $17) 29... Bf7 30. Qf2 (30. g5
hxg5 31. Nxg5 $4 Bd4 $19) 30... Qe7 (30... bxa4 31. bxa4 Qxa4 $6 32. g5 (32. e5
$5 dxe5 33. Qxc5 Nc6 34. g5 $40) 32... hxg5 33. Bxg5 $40) (30... Bxb3 {Salov}
31. g5 $1 $44) 31. axb5 axb5 32. Qf1 (32. Be3 Nc6) (32. Qg3 $142 {Salov} Bxb3
33. g5 hxg5 34. Nxg5 $44) 32... Rb8 33. Bd3 (33. Bf4 Nc6) 33... Nxd3 34. Qxd3
c4 $1 (34... b4 35. Bf4 Rd8 36. Qe3 $132) 35. bxc4 bxc4 36. Qa3 (36. Qc2 Qa7+
$17 (36... Rb2 {Salov})) 36... Rb3 37. Qa8+ Qe8 38. Qxe8+ Bxe8 39. g5 (39. e5
dxe5 40. Nxe5 c3 41. Bc1 c2 $17) 39... hxg5 40. Bxg5 Bb2 $1 (40... Rxf3 $2 41.
Bxf6 $10) 41. Rd1 (41. e5 dxe5 42. Nxe5 c3 43. Ng6 Rb8 $17) (41. e5 $5 {Salov})
(41. Kf2 $5 {Salov}) (41. Bc1 $5 {Salov}) 41... Ba3 42. e5 (42. Be7 $2 c3 43.
Bxd6 c2 $19) 42... c3 $1 (42... dxe5 43. Rd8 Kf8 44. Nxe5 c3 45. Ng6+ Kf7 46.
Ne5+ $10) 43. exd6 c2 44. Rd5 (44. Re1 Rb1 $19) 44... Rb1+ 45. Kf2 Rd1 46. Ra5
c1=Q (46... Bxd6 47. Ra8 Kf7 48. Rc8 $17) 47. Bxc1 Bxc1 48. Ra6 (48. Ra8 Kf8
49. Ne5 Rxd6 50. Ng6+ Kf7 51. g4 (51. Ne5+ {Salov} Ke7 $19) 51... Bg5 $19)
48... Rd5 (48... Bf4 $5 49. f6 (49. Ra8 Kf8 (49... Kf7 50. g3 Bxd6 51. Ng5+ Ke7
52. Ra7+ Bd7 $8 53. Ne4 $17) 50. Nh4 Bxd6 51. Ng6+ Kf7 52. g4 Bd7 $19) 49... g6
$1 (49... Bb5 50. Ra8+ Kf7 51. g3 Bxd6 (51... Rf1+ 52. Kg2 Be3 53. Ne5+) 52.
fxg7 Bc5+ 53. Kg2 $15) 50. Ra8 Kf7 51. g3 (51. g4 Rxd6 52. g5 Rd5 $19) 51...
Bxd6 52. Ng5+ Kxf6 53. Ne4+ Ke7 54. Ke2 Rd4 55. Ke3 Rxe4+ $19) 49. f6 $1 (49.
g4 {Salov} Bf4) 49... g6 (49... gxf6 50. d7 $10) 50. g4 g5 (50... Kf7 51. g5
$22 Bxg5 52. Nxg5+ Rxg5 53. Ra7+ Kxf6 54. d7 $18) 51. Ra7 Bf4 (51... Rxd6 {
Schussler} 52. Rc7 (52. Nxg5 Rxf6+ 53. Nf3 Bc6 $19) 52... Bd2 {Or 52. - Bf4 53.
Nxg5 Rxf6 54.Ne4} (52... Bf4 {Salov} 53. Nxg5 Rd2+) 53. Nxg5 Rxf6+ 54. Nf3 Bc6
55. Rxc6 $10) 52. f7+ Bxf7 53. d7 Kf8 54. Ng1 (54. Ra5 Ke7 $1 $19) 54... Rd2+ (
54... Be6 55. Nh3 Bd2 $19 (55... Rd2+ {Hansen,Cu} 56. Kf3 Bd5#) 56. Ke2) 55.
Ke1 Rd5 $2 (55... Be6 56. Nh3 Rxd7 57. Nxf4 gxf4 (57... Rxa7 58. Nxe6+ Ke7 59.
Nxg5 $10) 58. Ra4 Rf7 $19) (55... Be6 $19 {Salov}) 56. Nh3 Bd2+ (56... Be6 57.
Nxf4 gxf4 58. Ra4 $10) (56... Be3 57. Ra8+ Ke7 58. Ke2 Bc1 59. Rc8 $10) (56...
Be3 {Salov}) 57. Ke2 Kg7 (57... Be6 58. Ra8+ Ke7 59. d8=Q+ Rxd8 60. Rxd8 $10)
58. Ra2 $1 Bc1 (58... Re5+ $2 59. Kxd2 Bxa2 60. d8=Q) 59. Rc2 Ba3 (59... Bf4
60. Nxf4 gxf4 61. Rc4 $10) 60. Nxg5 $1 Bg8 61. Rc7 Kg6 {Ftacnik,L} 1/2-1/2

[Event "Candidates final"]
[Site "El Escorial"]
[Date "1993.??.??"]
[Round "10"]
[White "Short, Nigel D"]
[Black "Timman, Jan H"]
[Result "1-0"]
[WhiteElo "2655"]
[BlackElo "2635"]
[Annotator "Ftacnik,L"]
[PlyCount "79"]
[EventDate "1993.01.??"]
[EventType "match"]
[EventRounds "13"]
[EventCountry "ESP"]
[SourceTitle "Candidates"]
[Source "ChessBase"]
[SourceDate "1999.07.01"]
[SourceVersion "2"]
[SourceVersionDate "1999.07.01"]
[SourceQuality "1"]

1. e4 e5 2. Nf3 Nc6 3. Bb5 a6 4. Ba4 Nf6 5. O-O Be7 6. Re1 b5 7. Bb3 d6 8. c3
O-O 9. h3 Bb7 10. d4 Re8 11. Nbd2 Bf8 12. d5 Nb8 13. Nf1 Nbd7 14. Ng3 Nc5 (
14... h6) 15. Bc2 a5 (15... c6 16. b4 Ncd7 17. dxc6 Bxc6 18. Bb3 Nb6 (18... h6
19. Nh2 Nb6 20. Ng4 Nc4 21. a4 {Ceshkovsky-Timoschenko/Tashkent/1987/}) 19. Bg5
h6 20. Bxf6 Qxf6 21. Nh2 Nc4 22. Ng4 Qe6 23. Ne3 Rad8 24. Qe2 d5 25. Rad1 Rd7
26. exd5 Bxd5 27. Rxd5 Rxd5 28. Nxc4 bxc4 29. Bxc4 Rc8 30. Nf1 $16 {
Cseshkovsky,V-Timoschenko,G/Sverdlovsk/1987/}) 16. Nh2 g6 17. Qf3 h5 18. Be3
Nfd7 19. Rad1 Qe7 20. Ngf1 Bg7 21. Bc1 c6 $6 (21... a4 $1) 22. b4 $1 axb4 23.
cxb4 Na4 $6 (23... Rxa2 24. Bb1 Ra1 25. Bb2 $14) (23... Na6 24. dxc6 Bxc6 25.
Bb3 Nc7 (25... Nxb4 26. Qc3) 26. Qd3 $14) 24. dxc6 Bxc6 25. Bb3 (25. Qd3 $5)
25... Rad8 (25... Nab6 26. Ne3 (26. Bg5 $5 Bf6)) (25... Ndb6 26. Bg5 $1 Qxg5
27. Bxf7+ Kh7 28. Rxd6 Rf8 29. Rxg6 $18) 26. Qg3 Nf8 27. Nf3 Ne6 (27... Nb6)
28. Ng5 Nxg5 $6 (28... Bd7 $5) 29. Bxg5 Bf6 30. Bxf6 (30. Bc1 Kh7 31. Qe3 Bg7
32. Nh2 $14) 30... Qxf6 31. Rd3 (31. Re3 $5 h4 32. Qg4 Bd7 33. Qe2 $14) 31...
h4 $2 (31... Rd7 32. Rf3 Qg7 33. Qg5 Ree7 34. Rf6 Kf8 35. Rc1 Bb7 36. Ne3 Nb6
37. Rd1 Bxe4 38. Rfxd6 Rxd6 39. Rxd6 Nd7 40. Nd5 Bxd5 41. Rxd5 $16) (31... Rf8
32. Rf3 Qg7 33. Qh4 d5 34. Ng3 dxe4 35. Nxh5 exf3 36. Nf6+ $18) 32. Rf3 $1 hxg3
(32... Qg7 33. Qxh4 $16) 33. Rxf6 gxf2+ 34. Kxf2 Re7 35. Rxg6+ Kh7 36. Rg3 d5
$2 37. exd5 Bxd5 38. Rd3 Nb6 39. Ne3 Red7 40. Nxd5 (40. Nxd5 Nxd5 41. Red1 Nf6
42. Rxd7 Rxd7 43. Rxd7 Nxd7 44. Bxf7 $18) 1-0

[Event "Candidates FIDE f1"]
[Site "Sanghi Nagar"]
[Date "1995.??.??"]
[Round "5"]
[White "Gelfand, Boris"]
[Black "Karpov, Anatoly"]
[Result "1/2-1/2"]
[WhiteElo "2700"]
[BlackElo "2765"]
[Annotator "Ftacnik,L"]
[PlyCount "41"]
[EventDate "1995.02.??"]
[EventType "match"]
[EventRounds "9"]
[EventCountry "IND"]
[SourceTitle "CBM 045"]
[Source "ChessBase"]
[SourceDate "1995.04.01"]
[SourceVersion "1"]
[SourceVersionDate "1995.04.01"]
[SourceQuality "1"]

1. e4 e5 2. Nf3 Nc6 3. Bb5 a6 4. Ba4 Nf6 5. O-O Be7 6. Re1 b5 7. Bb3 d6 8. c3
O-O 9. h3 Nd7 10. d4 Bf6 11. a4 Bb7 12. Na3 Nb6 13. axb5 axb5 14. d5 Ne7 15.
Be3 c6 16. dxc6 Bxc6 17. Nh2 (17. Bxb6 Qxb6 18. Qxd6 Rfd8 19. Qb4 Qb7 20. Bc2 (
20. Re3 $2 Ng6 21. c4 Bxe4 $1 22. cxb5 Bf5 23. Rae1 e4 $2 (23... Nf4 $5 $36)
24. Bc2 $16 {Timoshenko,G-Varavin,V/Alusta/1994/1-0 (34)}) 20... Ng6 21. Qc5
Be7 22. Qe3 h6 23. g3 Qc8 24. Kh2 $14 {Degerman,L-Varavin,V/Gausdal Peer Gynt 
(02)/1993/0-1 (43)}) 17... Ng6 18. Ng4 (18. Bxb6 Qxb6 19. Qxd6 $2 Rfd8 20. Qb4
Be7 $19) 18... Be7 19. Qd3 (19. Bxb6 Qxb6 20. Bd5 Nf4 $10) 19... Na4 20. Nxb5 (
20. Bxa4 Rxa4 {xe4}) 20... Nxb2 21. Qe2 (21. Qe2 Bxb5 22. Qxb5 Rb8 23. Qd5 Nd3
24. Qxd3 Rxb3 25. Ra7 Qc8 $10) 1/2-1/2

[Event "Berlin Mephisto 1st"]
[Site "Berlin East"]
[Date "1990.05.20"]
[Round "5"]
[White "Balashov, Yuri S"]
[Black "Smagin, Sergey"]
[Result "1-0"]
[WhiteElo "2535"]
[BlackElo "2520"]
[Annotator "Fuchs,R"]
[PlyCount "121"]
[EventDate "1990.05.16"]
[EventType "tourn"]
[EventRounds "9"]
[EventCountry "DDR"]
[EventCategory "11"]
[SourceTitle "EXT 1997"]
[Source "ChessBase"]
[SourceDate "1996.11.15"]
[SourceVersion "1"]
[SourceVersionDate "1996.11.15"]
[SourceQuality "1"]

{SCHACH 6/1990} 1. e4 e5 2. Nf3 Nc6 3. Bb5 a6 4. Ba4 Nf6 5. O-O Be7 6. Re1 b5
7. Bb3 O-O 8. h3 d6 9. c3 a5 10. d4 a4 11. Bc2 Bd7 12. Nbd2 Re8 13. Nf1 h6 14.
Ng3 Bf8 15. Nh2 g6 16. f4 a3 17. bxa3 exf4 18. Bxf4 Rxa3 19. Qd2 Na5 20. Bd3
Nc4 21. Bxc4 bxc4 22. Bxh6 Bxh6 23. Qxh6 Rxc3 24. Nf3 Nh7 25. Re3 Rc2 26. Rf1
Qe7 27. Rf2 Rxf2 28. Kxf2 Ra8 29. a3 Qf6 30. Rc3 Be6 31. Qd2 d5 32. Kg1 Qe7 33.
Qe3 Qd6 34. exd5 Bxd5 35. Ne5 Re8 36. Qf2 Qe6 37. Re3 Rc8 38. Ne2 Rd8 39. Nc3
$1 Qf5 $6 40. Qxf5 gxf5 41. Nxd5 Rxd5 42. Nc6 Rb5 43. Rc3 Rb1+ 44. Kh2 Rb3 45.
Rxc4 Rxa3 46. Ne7+ Kg7 47. Rc6 Ra7 {Auch andere Züge verlieren. Weiss
verwertet seinen Vorteil.} 48. Nxf5+ Kg8 49. Kg3 Nf8 50. Kf4 Ne6+ 51. Ke5 Kf8
52. d5 Ng7 53. Nxg7 Kxg7 54. g4 Ra3 55. Rxc7 Re3+ 56. Kd6 Rxh3 57. Rc4 Ra3 58.
Kc7 Ra7+ 59. Kb6 Ra1 60. d6 Kf8 61. Rc8+ (61. Rc8+ Kg7 62. d7) 1-0

[Event "Parnu-B"]
[Site "Parnu"]
[Date "1996.02.09"]
[Round "7"]
[White "Rytshagov, Mikhail"]
[Black "Sepp, Olav"]
[Result "1/2-1/2"]
[WhiteElo "2495"]
[BlackElo "2440"]
[Annotator "Gagarin,V"]
[PlyCount "81"]
[EventDate "1996.02.??"]
[EventType "tourn"]
[EventRounds "9"]
[EventCountry "EST"]
[EventCategory "10"]
[SourceTitle "CBM 052"]
[Source "ChessBase"]
[SourceDate "1996.06.01"]
[SourceVersion "1"]
[SourceVersionDate "1996.06.01"]
[SourceQuality "1"]

1. e4 e5 2. Nf3 Nc6 3. Bb5 a6 4. Ba4 Nf6 5. O-O Be7 6. Re1 b5 7. Bb3 d6 8. c3
O-O 9. h3 Nd7 10. d4 Bf6 11. a4 Bb7 12. Na3 Nb6 13. axb5 axb5 14. d5 Ne7 15.
Be3 c6 $1 16. dxc6 Bxc6 17. Bxb6 (17. Nh2 Ng6 18. Ng4 Be7 19. Qd3 Na4 20. Nxb5
Nxb2 21. Qe2 $10 {Gelfand,B-Karpov,An/Sanghi Nagar (m/5)/1995/0,5/21/}) 17...
Qxb6 18. Qxd6 Rfd8 19. Qb4 Qb7 $1 (19... Ng6 $6 20. Nc4 Qc7 21. Rxa8 Bxa8 22.
Qxb5 Rb8 23. Qa6 Bc6 24. Ba4 Ba8 25. Qd6 Qxd6 26. Nxd6 Rxb2 27. Be8 Nh8 28. Ra1
$16 {Kruppa,Y-Ginsburg,G/Kherson/1990/0,5/41/}) 20. Nh2 {N/} (20. Rad1 Rxd1 21.
Bxd1 Ng6 22. Bc2 Be7 {Hennigan,M-Rausis,I/Gausdal/1995/0,5/22/} 23. Qb3 Bc5 $44
{Timoshenko/}) (20. Rab1 Rab8 $1 $44 {Timoshenko/}) (20. Bc2 Ng6 21. Qc5 $5 (
21. c4 Be7 22. Qb3 b4 23. Nb5 Bc5 $5 $44 {Timoshenko/}) 21... Be7 22. Qe3 h6
$44 {>< Na3 Degerman,L-Varavin,V/Gausdal/1993/0:1/43/} (22... b4 $5 $44)) (20.
Re3 $6 Ng6 21. c4 Bxe4 $1 22. cxb5 Bxf3 $1 (22... Bf5 23. Rae1 {Timoshenko,
G-Varavin,V/Alushta/1994/1:0/34/} Nf4 24. Nc4 Nd3 25. Rxd3 Bxd3 26. Ncxe5 Bg6
$15 {Timoshenko/}) 23. Rxf3 Nh4 24. Rg3 Rd3 $1 25. Qxh4 $5 (25. f3 Qb6+ 26. Kh2
Qf2 27. Bxf7+ Kh8 28. Qe4 Rad8 $17 {Timoshenko/}) 25... Rxb3 $1 (25... Bxh4 26.
Rxd3 $44) 26. Qh5 Rxb5 27. Qf5 Rb3 $15 {Enders,P-Varavin,V/Budapest/1995/0,5/
44/}) (20. Qc5 $5 Ng6 $1 (20... Bxe4 $6 21. Nxe5 Bd5 (21... Bxg2 $2 22. Nxf7
$18) 22. Ng4 $1 Bh4 23. Bxd5 Rxd5 24. Qb4 (24. Qe3 $2 h5) 24... Ra4 25. Qb3 h5
26. Ne3 Rd2 27. Rf1 $16) 21. Qe3 Nf4 (21... Be7 $44) 22. Rad1 Rxd1 23. Bxd1 Rd8
24. Bc2 b4 25. Nc4 Qb5 $44) 20... Ng6 {/\ Be7 ףb4/} 21. Bd5 (21. Bc2 $6 Be7
22. Qb3 b4 23. Nc4 Rxa1 24. Rxa1 Bxe4 25. Bxe4 Qxe4 $15) 21... Bxd5 22. exd5
Rab8 (22... Rxd5 $5 23. Nf3 (23. c4 Be7 $1 (23... Ra4 24. Qb3 Rc5 25. Nf3 $13 (
25. cxb5 $6 Nh4 $44)) 24. Qb3 Rd2 $1 25. Nf3 (25. Nxb5 $2 Nh4) 25... Nh4 $1 26.
Re3 Nxf3+ 27. Rxf3 e4 $15) 23... Be7 24. Qb3 Nf4 $15) 23. c4 (23. Red1 Rxd5 24.
Rxd5 Qxd5 25. c4 Qa8 {/\ Nf4/} 26. Nc2 Qc6 $15) 23... bxc4 24. Qxb7 (24. Qxc4
$2 Rxd5 $15) 24... Rxb7 25. Nxc4 Rxd5 26. Ng4 h5 $10 27. Ra8+ Kh7 28. Nxf6+
gxf6 29. Ra6 Rd4 30. Ne3 (30. Rc1 Nf4 31. Rc2 Rc7 32. b3 Kg7 $10 {/\ Rb7,
Rd1-b1/}) 30... Rxb2 31. Rxf6 Rf4 32. Rxf4 (32. Nd5 Rxf6 33. Nxf6+ Kh6 $10)
32... exf4 33. Nc4 Rb7 34. Nd6 Rd7 35. Ne8 Kh6 36. Nf6 Rd6 37. Ne4 Re6 38. Kf1
Nh4 39. Re2 f3 40. gxf3 Nxf3 41. Re3 1/2-1/2

[Event "Olympiad-34"]
[Site "Istanbul"]
[Date "2000.10.30"]
[Round "3.1"]
[White "Gelfand, Boris"]
[Black "Mikhalchishin, Adrian"]
[Result "1-0"]
[WhiteElo "2681"]
[BlackElo "2544"]
[Annotator "Gelfand,B"]
[PlyCount "133"]
[EventDate "2000.10.28"]
[EventType "team-swiss"]
[EventRounds "14"]
[EventCountry "TUR"]
[SourceTitle "EXT 2001"]
[Source "ChessBase"]
[SourceDate "2000.11.22"]
[SourceVersion "1"]
[SourceVersionDate "2000.11.22"]
[SourceQuality "1"]
[WhiteTeam "Israel"]
[BlackTeam "Slovenia"]
[WhiteTeamCountry "ISR"]
[BlackTeamCountry "SLO"]

1. e4 e5 2. Nf3 Nc6 3. Bb5 a6 4. Ba4 Nf6 5. O-O Be7 6. Re1 b5 7. Bb3 d6 8. c3
O-O 9. h3 Be6 10. d4 Bxb3 11. axb3 exd4 12. cxd4 Nb4 13. d5 c5 14. dxc6 d5 15.
e5 Ne4 16. Nc3 Nxc3 17. bxc3 Nxc6 18. Qd3 Qd7 19. Ra2 (19. Bg5 Rfd8 20. Re2 Qe6
21. Bxe7 Nxe7 22. Nd4 Qg6 23. Qxg6 hxg6 24. Rea2 Rac8 25. Rxa6 Rxc3 26. Rd6 Re8
27. e6 Nf5 28. exf7+ Kxf7 29. Nxf5 gxf5 30. Rxd5 $16 {1-0 Bezgodov,A-Rodin,M/
Pardubice 1996/CBM 55 ext (43)}) 19... Qe6 (19... h6 20. e6 fxe6 21. Bxh6 $14)
(19... b4 20. c4 Rfd8 21. Rd2 d4 22. Rde2 $14) 20. Bg5 Rfd8 (20... Bxg5 21.
Nxg5 Qg6 22. Qxd5 (22. Qxg6 fxg6) 22... Ne7 23. Qd2 $16) 21. Bxe7 Qxe7 22. Rae2
h6 $6 (22... Qe6 $142 23. b4 (23. Ng5 Qg6 24. Qxg6 (24. Qd2 h6 25. Nf3 Qe6)
24... fxg6 $132) 23... h6 24. Nd4 (24. Rd2 a5 25. bxa5 Rxa5) 24... Nxd4 25.
cxd4 Rdc8 26. f4 f5 $14) 23. e6 $14 Rd6 (23... f6 24. Nh4 Ne5 25. Qg3 Qxe6 26.
f4 Qb6+ 27. Kh1 Nf7 28. Nf5 g5 29. Re6 $18) 24. exf7+ (24. Nd4 Nxd4 25. exf7+
Qxf7 26. Qxd4 $14) 24... Qxf7 25. Ne5 (25. b4 $5) 25... Nxe5 26. Rxe5 Rd7 $2 (
26... Rf8 27. Qd4 $14 (27. f3 Qg6)) 27. R1e3 $1 (27. Rf5 Re8 28. Rxe8+ Qxe8 29.
Rxd5 Qe1+ (29... Rxd5 30. Qxd5+ Kh8) 30. Kh2 Qe5+ 31. Rxe5 Rxd3 $11) 27... Rd6
28. Re7 Qf6 29. Rb7 (29. Qe2 Rf8 30. Rf3 Qg6 31. Rg3 Qb1+ 32. Kh2 $16) 29...
Rf8 30. Rf3 Qd8 (30... Qg6 31. Rxf8+ (31. Rxg7+ Qxg7 32. Rg3 $16) 31... Kxf8
32. Rb8+ Kf7 33. Qe3) 31. Qd4 (31. Rg3 $1 Rd7 32. Qxd5+ Rff7 33. Rxd7 Qxd7 34.
Qa8+ Kh7 35. Qxa6 Qd1+ 36. Kh2 Qxb3 37. Qg6+ Kh8 38. Re3 $16) 31... Rg6 (31...
Rdf6 32. Qa7) (31... Rff6 32. Rg3) 32. Rxf8+ Qxf8 33. Qxd5+ Kh7 34. Qe4 (34.
Rd7 Qf4) 34... Qc5 $2 (34... Qd6 $1 $14) 35. Rd7 a5 (35... Qxc3 36. Rd6) (35...
Qc6 36. Rd5) 36. Rd5 Qc6 37. h4 Kg8 38. Qd3 a4 39. Qxb5 (39. h5 Rg5) 39... Qxc3
$4 (39... a3 40. Qxc6 Rxc6 41. Ra5 Rxc3 42. Rxa3 Kh7 43. Kf1 $18) 40. bxa4 $4 (
40. Qe8+ Kh7 41. Qe4 $18) 40... Qe1+ (40... Qc1+ 41. Qf1 Qxf1+ 42. Kxf1 Rg4 $16
) 41. Kh2 (41. Qf1 Qxf1+ (41... Rxg2+ $5 42. Kxg2 Qe4+)) 41... Qxf2 (41... Qe4
42. g3) 42. Qe8+ Kh7 43. Qe4 Qg3+ 44. Kg1 Qg4 45. Rd4 Qxe4 46. Rxe4 Rg3 47. Kf2
Ra3 48. g4 Kg6 49. Rf4 (49. Ke2 h5 (49... Rh3 50. h5+ Kg5 51. Kd2) 50. g5 Kf5
51. Rb4 Ke5 52. Kd2 Kd5 53. Kc2 Kc5 54. Rf4 Rh3 $11) 49... Rh3 (49... h5 50. g5
$18) 50. a5 Ra3 (50... Rxh4 51. Kg2 h5 52. a6 hxg4 53. Rf8) 51. Rf5 Kh7 52. Rb5
Ra4 (52... Kg8 $5 53. h5) 53. Kf3 Kg8 54. h5 Kf7 $2 (54... g5 $3 {
Mikhalchishin,A} 55. Rb6 (55. Rb8+ Kf7 56. Rb7+ Kf6 57. Rb6+ Ke5 58. a6 Ra3+
59. Ke2 Kf4 60. Rxh6 Kxg4 61. Kd2 Kh4 $11) 55... Rxa5 56. Rxh6 Kf7 57. Rd6 Ke7
(57... Re5 $5) 58. Rd4 Kf6 $14) (54... g6 $5 55. Rb8+ (55. Ke3 gxh5 (55... Rxg4
56. Rb8+ Kg7 57. Rb7+ Kf6 58. Rb6+ Ke5 59. Rxg6) 56. gxh5 Kf7 57. Kd3 Ke6 58.
Kc3 (58. Rb6+ Kf5) 58... Kd6 59. Kb3 Ra1 $11) 55... Kg7 56. Rb7+ Kg8 57. Ra7
gxh5 58. gxh5 Kf8 59. a6 Ke8 60. Ra8+ Kf7 61. Ke3 Kf6 $11) 55. Rb7+ (55. g5 $5
hxg5 56. Rxg5 Kf6 57. Rb5 Ke6 58. Ke3 Kd6 59. Rg5 Kc6 60. Kd3 Ra1 61. Rg6+ $16)
55... Kf6 56. Rb6+ Ke5 57. a6 Ra3+ 58. Ke2 Kd4 59. Rd6+ Ke4 60. Kd2 Ke5 61. Rg6
Kd5 62. Kc2 Kc4 $2 (62... Kc5 $1 63. Kb2 Ra4 64. Kb3 Ra1 65. Rxg7 Rxa6 66. Rg6
Rd6 $1 67. Kc3 (67. Rxd6 Kxd6 68. g5 Ke6 69. g6 Kf6 $11) 67... Rd4 $1 (67...
Kd5 68. g5 $18) 68. g5 (68. Rc6+ Kxc6 69. Kxd4 Kd6 $11) 68... Rd5 69. Ra6 Kb5
70. Rxh6 Rxg5 71. Kd4 $1 (71. Rh8 Kc6 72. h6 Kb7) 71... Ka5 72. Ke4 $1 $18 (72.
Rh8 Kb6 73. h6 Kb7 (73... Rh5 74. Ke4) 74. Rf8 Rh5 75. Rf6 Kc7 76. Ke4 Kd7 77.
Kf4 Ke7) 72... Rb5 73. Rh8 Rb4+ (73... Ka6 74. h6 Rb4+ 75. Kd5 Rb5+ 76. Kc4 Rh5
77. Kd4) 74. Kd5 Rb5+ 75. Kc6 Rb6+ 76. Kc7 $18) 63. Kb2 Ra5 64. Rxg7 Rxa6 65.
Rg6 Ra4 66. Rxh6 Kd5 67. Rg6 1-0

[Event "Budapest zt-playoff"]
[Site "Budapest"]
[Date "1995.??.??"]
[Round "2"]
[White "Istratescu, Andrei"]
[Black "Almasi, Zoltan"]
[Result "1/2-1/2"]
[WhiteElo "2505"]
[BlackElo "2590"]
[Annotator "Ghinda,M"]
[PlyCount "79"]
[EventDate "1995.03.??"]
[EventType "tourn"]
[EventRounds "4"]
[EventCountry "HUN"]
[EventCategory "11"]
[SourceTitle "CBM 048"]
[Source "ChessBase"]
[SourceDate "1995.10.01"]
[SourceVersion "1"]
[SourceVersionDate "1995.10.01"]
[SourceQuality "1"]

1. e4 e5 2. Nf3 Nc6 3. Bb5 a6 4. Ba4 Nf6 5. O-O Be7 6. Re1 b5 7. Bb3 d6 8. c3
O-O 9. h3 Bb7 10. d4 Re8 11. Nbd2 Bf8 12. d5 Nb8 13. Nf1 Nbd7 14. Ng3 g6 15.
Bg5 c6 $5 $146 (15... h6 16. Be3 Nc5 17. Bc2 c6 18. b4 Ncd7 19. dxc6 Bxc6 20.
Qd2 Kh7 21. Bb3 Qe7 22. Qd3 $16 {Hracek,Z-Almasi,Z/Odorheiu zt/1995/}) 16. dxc6
$8 Bxc6 17. Nh2 $1 h5 $1 $8 18. Qf3 $5 Be7 $1 19. Rad1 (19. Red1 $5 {xa2})
19... Nc5 20. Bxf6 Bxf6 21. Bd5 $36 Bxd5 22. Rxd5 Qe7 $1 23. Red1 Rad8 24. Ngf1
Na4 25. R5d2 Bg5 26. Ne3 Qe6 $1 {xa2} 27. a3 Qb3 $132 28. Nhf1 Nc5 29. g3 Re6
$1 {xe4} 30. h4 Bh6 31. Rd5 Na4 32. Rb1 (32. R5d2 $10) 32... Nb6 33. Rdd1 Nc4
34. Nd2 $6 (34. Nd5 Kg7 35. Nfe3 Bxe3 36. fxe3 $5) 34... Nxd2 35. Rxd2 Kg7 36.
Rbd1 $6 Qa4 $1 37. Re1 $8 Rf6 38. Qd1 Qxe4 39. Nd5 Qf5 40. Nxf6 (40. Nxf6 Bxd2
41. Nxh5+ Qxh5 42. Qxd2 d5 43. Qe3 d4 44. Qxe5+ Qxe5 45. Rxe5 dxc3 46. bxc3
Rd1+ 47. Kg2 Ra1 48. c4 $10) 1/2-1/2

[Event "RUS-ch"]
[Site "Elista"]
[Date "1995.??.??"]
[Round "7"]
[White "Solozhenkin, Evgeniy"]
[Black "Kholmov, Ratmir D"]
[Result "1-0"]
[WhiteElo "2515"]
[BlackElo "2445"]
[Annotator "Giese"]
[PlyCount "115"]
[EventDate "1995.10.??"]
[EventType "swiss"]
[EventRounds "11"]
[EventCountry "RUS"]
[SourceTitle "CBM 050"]
[Source "ChessBase"]
[SourceDate "1996.02.01"]
[SourceVersion "1"]
[SourceVersionDate "1996.02.01"]
[SourceQuality "1"]

1. e4 e5 2. Nf3 Nc6 3. Bb5 a6 4. Ba4 Nf6 5. O-O Be7 6. Re1 b5 7. Bb3 O-O 8. c3
d6 9. h3 Nd7 10. d4 Bf6 11. a4 Rb8 12. axb5 axb5 13. Be3 Bb7 14. d5 Ne7 15. Na3
c6 16. dxc6 Bxc6 17. Qxd6 Bxe4 18. Ng5 Bg6 19. Rad1 Nf5 $2 20. Qxd7 Nxe3 $16
21. Nxf7 $1 (21. Rxe3 Bxg5 22. Rxe5 b4 $16) 21... Qxd7 (21... Bxf7 22. Bxf7+
Rxf7 (22... Kh8 23. fxe3 $18) 23. Qxd8+ Bxd8 24. Rxe3 Bb6 25. Re2 $16) 22. Rxd7
Bxf7 (22... Nc4 $2 23. Nxe5 Rfe8 24. Naxc4 $18) (22... Rxf7 $2 23. Rxe3 Kf8 24.
Bxf7 $18) 23. Rxf7 Rxf7 24. Rxe3 b4 25. Bxf7+ Kxf7 26. Nc4 $16 bxc3 27. bxc3
Rb1+ 28. Kh2 Rc1 29. Nd6+ Ke6 30. Ne4 Be7 31. Kg3 h5 32. Kf3 Rc2 33. Re2 Rc1
34. Ra2 Re1 35. Ra6+ Kd5 36. Ra7 Ke6 37. c4 g5 38. Ra6+ Kf7 39. Ng3 Bc5 40.
Nxh5 Rc1 41. Rf6+ Ke7 42. Rf5 Ke6 43. Rf6+ Ke7 44. Kg4 Rxc4+ 45. Kxg5 Rc2 46.
Ng3 Bxf2 47. Nf5+ Kd7 48. Rd6+ Kc7 49. Re6 Re2 50. g4 Be1 51. h4 e4 52. Nd4
Bd2+ 53. Kh5 Re1 54. g5 e3 55. g6 Rg1 56. Nf5 Kd7 57. Re7+ Kd8 58. Re4 1-0